Cutting one's coat to suit. (Record no. 60936)

MARC details
000 -LEADER
fixed length control field 00972cam a2200241 4500
001 - CONTROL NUMBER
control field ABS61224
008 - FIXED-LENGTH DATA ELEMENTS--GENERAL INFORMATION
fixed length control field 000000n1999 000 0 eng u
035 ## - SYSTEM CONTROL NUMBER
System control number (Sirsi) u101824
100 ## - MAIN ENTRY--PERSONAL NAME
Personal name Nelson, R.
245 ## - TITLE STATEMENT
Title Cutting one's coat to suit.
260 ## - PUBLICATION, DISTRIBUTION, ETC.
Date of publication, distribution, etc. 1999
490 ## - SERIES STATEMENT
Series statement Property Week
Volume/sequential designation 64(35) 10 September 1999, 38-39(2)
520 ## - SUMMARY, ETC.
Summary, etc. Interview with the executives of Greycoat Estates about their decision to leave the Stock Exchange. For a small company toward the bottom of the Stock Exchange listings it was hard to raise finance and becoming private has freed them from the restrictions imposed by corporate governance and from problems with speculative investors.
650 ## - SUBJECT ADDED ENTRY--TOPICAL TERM
Topical term or geographic name entry element GREYCOAT
650 ## - SUBJECT ADDED ENTRY--TOPICAL TERM
Topical term or geographic name entry element STOCK EXCHANGE
650 ## - SUBJECT ADDED ENTRY--TOPICAL TERM
Topical term or geographic name entry element STOCK MARKET
650 ## - SUBJECT ADDED ENTRY--TOPICAL TERM
Topical term or geographic name entry element LISTED COMPANIES
650 ## - SUBJECT ADDED ENTRY--TOPICAL TERM
Topical term or geographic name entry element STOCK EXCHANGE LISTING
650 ## - SUBJECT ADDED ENTRY--TOPICAL TERM
Topical term or geographic name entry element PRIVATE COMPANIES
650 ## - SUBJECT ADDED ENTRY--TOPICAL TERM
Topical term or geographic name entry element CORPORATE GOVERNANCE
690 ## - LOCAL SUBJECT ADDED ENTRY--TOPICAL TERM (OCLC, RLIN)
Topical term or geographic name as entry element PROPERTY-PROPERTY FINANCE AND INVESTMENT
942 ## - ADDED ENTRY ELEMENTS (KOHA)
Suppress in OPAC 0
Holdings
Withdrawn status Lost status Source of classification or shelving scheme Damaged status Not for loan Home library Current library Shelving location Date acquired Total Checkouts Full call number Barcode Date last seen Copy number Price effective from Koha item type
    Dewey Decimal Classification     London London Journal article 11/11/1999   ABS61224 101824-1001 06/08/2019 1 06/08/2019 Journal article